| 000 -LEADER |
| fixed length control field |
00921cam a2200289 a 4500 |
| 001 - CONTROL NUMBER |
| control field |
005352321 |
| 003 - CONTROL NUMBER IDENTIFIER |
| control field |
OSt |
| 005 - DATE AND TIME OF LATEST TRANSACTION |
| control field |
20200107111620.0 |
| 008 - FIXED-LENGTH DATA ELEMENTS--GENERAL INFORMATION |
| fixed length control field |
081203r20071973nyu j 000 1 eng |
| 010 ## - LIBRARY OF CONGRESS CONTROL NUMBER |
| LC control number |
2008277720 |
| 020 ## - INTERNATIONAL STANDARD BOOK NUMBER |
| International Standard Book Number |
0312368542 |
| Qualifying information |
(pbk.) : |
| 020 ## - INTERNATIONAL STANDARD BOOK NUMBER |
| International Standard Book Number |
9780312368548 |
| Qualifying information |
(pbk.) |
| 040 ## - CATALOGING SOURCE |
| Original cataloging agency |
NKMU |
| Language of cataloging |
eng |
| Transcribing agency |
NKMU |
| Modifying agency |
NKMU |
| Description conventions |
AACR2 |
| 042 ## - AUTHENTICATION CODE |
| Authentication code |
nbic |
| 082 ## - DEWEY DECIMAL CLASSIFICATION NUMBER |
| Classification number |
FIC LEN |
| 100 1# - MAIN ENTRY--PERSONAL NAME |
| Personal name |
L'Engle, Madeleine. |
| Relator term |
author |
| 245 12 - TITLE STATEMENT |
| Title |
A wind in the door / |
| Statement of responsibility, etc. |
Madeleine L'Engle. |
| 250 ## - EDITION STATEMENT |
| Edition statement |
1st Square Fish ed. |
| 260 ## - PUBLICATION, DISTRIBUTION, ETC. |
| Place of publication, distribution, etc. |
New York : |
| Name of publisher, distributor, etc. |
Square Fish, |
| Date of publication, distribution, etc. |
2007. |
| 300 ## - PHYSICAL DESCRIPTION |
| Extent |
245 p. : |
| Dimensions |
20 cm. |
| 440 ## - SERIES STATEMENT/ADDED ENTRY--TITLE |
| Title |
The time quintet ; |
| Number of part/section of a work |
Book 2. |
| 500 ## - GENERAL NOTE |
| General note |
Sequel to: A wrinkle in time. |
| 520 ## - SUMMARY, ETC. |
| Summary, etc. |
With Meg Murry's help, the dragons her six-year-old brother saw in the vegetable garden play an important part in his struggle between life and death. |
| 650 #1 - SUBJECT ADDED ENTRY--TOPICAL TERM |
| Topical term or geographic name entry element |
Science fiction. |
| 655 ## - INDEX TERM--GENRE/FORM |
| Genre/form data or focus term |
Fantasy |
| 942 ## - ADDED ENTRY ELEMENTS (KOHA) |
| Source of classification or shelving scheme |
|
| Koha item type |
Books - Fiction |